| 000 | 00771nam a2200229 i 4500 | ||
|---|---|---|---|
| 001 | 89725 | ||
| 003 | ES-MaACL | ||
| 005 | 20230906180244.0 | ||
| 007 | t| | ||
| 008 | 050112s1935 xxk ||||1| eng d | ||
| 080 | _a929 Lawrence, Frieda von Richthofen | ||
| 080 | _a929 Lawrence, D. H. | ||
| 100 | 1 |
_aLawrence, Frieda von Richthofen. _970747 |
|
| 245 | 1 | 0 |
_a"Not I, but the wind..." / _cby Frieda Lawrence, geb. freiin von Richthofen. |
| 250 | _a[1st. ed.]. | ||
| 260 |
_aLondon : _bWilliam Heinemann, _c1935 ( _fThe Windmill Press) |
||
| 300 |
_aXI, 277 p. : _bil. ; _c22 cm. |
||
| 600 | 1 | 4 |
_aLawrence, Frieda von Richthofen. _970747 |
| 600 | 1 | 4 |
_aLawrence, D.H. ( _d1885-1930) _970743 |
| 700 | 1 |
_aLawrence, D.H. ( _d1885-1930) _970743 |
|
| 852 |
_aES-MaACL _jA-3669 |
||
| 999 |
_c89725 _d89725 |
||